000 00360nam a2200157Ia 4500
005 20250603144612.0
008 250603s9999 xx 000 0 und d
020 _a9781118458358
050 _aTA 658 .C49/
100 _aChing, Francis
245 0 _aBuilding structures illustrated
250 _a2nd ed.
260 _c2014
300 _a44 p
942 _cBK
999 _c39408
_d39408